000
00329nam a22001457a 4500
008
210308b ||||| |||| 00| 0 eng d
020
_a
9780205850259
041
_a
eng
080
_2
3rd
_a
82
082
_a
82
100
_a
21
101
_a
GJL
245
_a
Writing for Life Pragraps and Essays
_c
Henry, D.J
942
_2
udc
_c
BK
999
_c
55904
_d
55904